Fraude et délinquance dans les transports routiers de marchandises

Gespeichert in:
Bibliographische Detailangaben
Körperschaft: OECD. European Conference of Ministers of Transport
Format: Buch
Sprache:Französisch
Veröffentlicht: Paris OECD/CEMT 2002
Schlagworte:
Tags: Tag hinzufügen
Keine Tags, Fügen Sie das erste Tag hinzu!

MARC

LEADER 00000nam a2200000 4500
001 c141611
005 20221124094514.0
020 |a 92-821-2372-3 
041 0 |a fre 
044 |a FR 
245 1 0 |a Fraude et délinquance dans les transports routiers de marchandises 
264 1 |a Paris  |b OECD/CEMT  |c 2002 
300 |a 147 s. 
610 2 0 |a doprava 
610 2 0 |a tovar 
610 2 0 |a pašeráctvo 
610 2 0 |a kriminalita 
610 2 0 |a doprava automobilová 
610 2 0 |a údaje štatistické 
610 2 0 |a porovnanie medzinárodné 
610 2 0 |a svet 
610 2 0 |a OECD 
610 2 0 |a CEMT 
710 2 |a OECD. European Conference of Ministers of Transport